ARRUPE JESUIT UNIVERSITY

CORONAVIRUS -STOP THE SPREAD - CLEAN,DISINFECT,COVER

The emergence of the Catholic tradition (100-600) / (Record no. 129412)

MARC details
000 -LEADER
fixed length control field 01274cam a2200301 i 4500
001 - CONTROL NUMBER
control field 1831566
003 - CONTROL NUMBER IDENTIFIER
control field ARRUPE
005 - DATE AND TIME OF LATEST TRANSACTION
control field 20190423144346.0
008 - FIXED-LENGTH DATA ELEMENTS--GENERAL INFORMATION
fixed length control field 801110s1971 ilu b 001 0 eng
010 ## - LIBRARY OF CONGRESS CONTROL NUMBER
LC control number 80133009
020 ## - INTERNATIONAL STANDARD BOOK NUMBER
International Standard Book Number 0226653706
040 ## - CATALOGING SOURCE
Original cataloging agency DLC
Transcribing agency DLC
Modifying agency DLC
050 00 - LIBRARY OF CONGRESS CALL NUMBER
Classification number BT25
Item number .P43 vol. 1
082 00 - DEWEY DECIMAL CLASSIFICATION NUMBER
Classification number 230/.09 s
-- 230/.13
Edition number 19
300 ## - PHYSICAL DESCRIPTION
Dimensions 24 cm.
100 1# - MAIN ENTRY--PERSONAL NAME
Personal name Pelikan, Jaroslav,
Dates associated with a name 1923-2006.
9 (RLIN) 12378
245 14 - TITLE STATEMENT
Title The emergence of the Catholic tradition (100-600) /
Statement of responsibility, etc Jaroslav Pelikan.
260 ## - PUBLICATION, DISTRIBUTION, ETC. (IMPRINT)
Place of publication, distribution, etc Chicago :
Name of publisher, distributor, etc University of Chicago Press,
Date of publication, distribution, etc 1971.
300 ## - PHYSICAL DESCRIPTION
Extent xxiii, 394 p. ;
490 1# - SERIES STATEMENT
Series statement His The Christian tradition ;
Volume number/sequential designation 1
500 ## - GENERAL NOTE
General note Includes indexes.
504 ## - BIBLIOGRAPHY, ETC. NOTE
Bibliography, etc Bibliography: p. 358-376.
650 #0 - SUBJECT ADDED ENTRY--TOPICAL TERM
Topical term or geographic name as entry element Theology, Doctrinal
General subdivision History
Chronological subdivision Early church, ca. 30-600.
9 (RLIN) 3161
800 1# - SERIES ADDED ENTRY--PERSONAL NAME
Personal name Pelikan, Jaroslav,
Dates associated with a name 1923-2006.
Title of a work Christian tradition ;
Volume/sequential designation 1.
9 (RLIN) 45850
856 42 - ELECTRONIC LOCATION AND ACCESS
Materials specified Publisher description
Uniform Resource Identifier <a href="http://www.loc.gov/catdir/enhancements/fy0666/80133009-d.html">http://www.loc.gov/catdir/enhancements/fy0666/80133009-d.html</a>
856 41 - ELECTRONIC LOCATION AND ACCESS
Materials specified Table of contents only
Uniform Resource Identifier <a href="http://www.loc.gov/catdir/enhancements/fy0666/80133009-t.html">http://www.loc.gov/catdir/enhancements/fy0666/80133009-t.html</a>
856 42 - ELECTRONIC LOCATION AND ACCESS
Materials specified Contributor biographical information
Uniform Resource Identifier <a href="http://www.loc.gov/catdir/enhancements/fy1101/80133009-b.html">http://www.loc.gov/catdir/enhancements/fy1101/80133009-b.html</a>
906 ## - LOCAL DATA ELEMENT F, LDF (RLIN)
a 7
b cbc
c orignew
d 2
e ncip
f 19
g y-gencatlg
942 ## - ADDED ENTRY ELEMENTS (KOHA)
Source of classification or shelving scheme Library of Congress Classification
Koha item type Monograph ( Printed materials)
Holdings
Withdrawn status Lost status Source of classification or shelving scheme Damaged status Not for loan Collection code Home library Current library Shelving location Date acquired Total Checkouts Full call number Barcode Date last seen Price effective from Koha item type
    Library of Congress Classification     Main Collection ARRUPE LIBRARY ARRUPE LIBRARY Main Collection 23/04/2019   BT25 .P43 vol. 1 46003020375 23/04/2019 23/04/2019 Monograph ( Printed materials)

 

Arrupe Library. PO Box MP320 Mt Pleasant, Harare, Zimbabwe
263 242 745411|librarian@aju.ac.zw